Vista normal
Vista MARC
Entrada Materia (personas)
Número de registros utilizados en: 1
001 - CONTROL NUMBER
- control field: 106327
003 - CONTROL NUMBER IDENTIFIER
- control field: Co-BoUCM
005 - DATE AND TIME OF LATEST TRANSACTION
- control field: 20210921080527.0
008 - FIXED-LENGTH DATA ELEMENTS
- fixed length control field: 210921|| aca||aabn | a|a d
040 ## - CATALOGING SOURCE
- Original cataloging agency: Co-BoUCM
- Transcribing agency: Co-BoUCM
100 ## - HEADING--PERSONAL NAME
- Personal name: Ramírez Villamizar, Eduardo
- Dates associated with a name: 1923-
- General subdivision: Catálogos
670 ## - SOURCE DATA FOUND
- Source citation: Work cat.: (Co-BoUCM)319687: Ramírez Villamizar, Eduardo 105835, Ramírez Villamizar, 1984